000 00842cam a22002653a 4500
001 1272
003 PGUSA
005 20140828082959.0
008 980401s1998||||xxu|||||s|||||000 | eng d
040 _aPGUSA
_beng
042 _adc
050 4 _aUG
100 1 _aLefebure, Victor
245 1 4 _aThe Riddle of the Rhine :
_bChemical Strategy in Peace and War
_h[electronic resource] /
_cVictor Lefebure
260 _bProject Gutenberg,
_c1998
506 _aPublic domain in the USA.
516 _aElectronic text
653 _aChemical warfare
653 _aWorld War, 1914-1918 -- Chemical warfare
653 _aInteressengemeinschaft der Deutschen Teerfarbenfabriken
653 _aGases, Asphyxiating and poisonous -- War use
830 0 _aProject Gutenberg
_v1272
856 4 0 _uhttp://www.gutenberg.org/ebooks/1272
942 _cEB
999 _c230620
_d230620